| 000 -LEADER |
| fixed length control field |
00348cam a22001217a 4500 |
| 008 - FIXED-LENGTH DATA ELEMENTS--GENERAL INFORMATION |
| fixed length control field |
180718b1999 xxu||||| |||| 00| 0 eng d |
| 082 ## - DEWEY DECIMAL CLASSIFICATION NUMBER |
| Classification number |
A99/Sr31 K642 |
| 100 ## - MAIN ENTRY--PERSONAL NAME |
| Personal name |
Kishore, Nilanjana |
| 245 ## - TITLE STATEMENT |
| Title |
Sri Prakasa: a political biography |
| Statement of responsibility, etc. |
by Nilanjana Kishore |
| 260 ## - PUBLICATION, DISTRIBUTION, ETC. |
| Place of publication, distribution, etc. |
New Delhi |
| Name of publisher, distributor, etc. |
Uppal |
| Date of publication, distribution, etc. |
1999 |
| 300 ## - PHYSICAL DESCRIPTION |
| Extent |
360p. |
| 650 ## - SUBJECT ADDED ENTRY--TOPICAL TERM |
| Topical term or geographic name entry element |
Sri Prakasa - Biography |